Construction still one of most dangerous industries (Record no. 82799)
[ view plain ]
| 000 -LEADER | |
|---|---|
| fixed length control field | 00907cad a22002175a 4500 |
| 001 - CONTROL NUMBER | |
| control field | L151437 |
| 008 - FIXED-LENGTH DATA ELEMENTS--GENERAL INFORMATION | |
| fixed length control field | 101105e20101027xxk f f000 0 eng d |
| 035 ## - SYSTEM CONTROL NUMBER | |
| System control number | (Sirsi) u151437 |
| 041 0# - LANGUAGE CODE | |
| Language code of text/sound track or separate title | eng |
| 110 1# - MAIN ENTRY--CORPORATE NAME | |
| Corporate name or jurisdiction name as entry element | Great Britain |
| Subordinate unit | Health and Safety Executive |
| 245 00 - TITLE STATEMENT | |
| Title | Construction still one of most dangerous industries |
| Medium | [electronic resource] |
| 260 ## - PUBLICATION, DISTRIBUTION, ETC. | |
| Date of publication, distribution, etc. | 2010 |
| 490 ## - SERIES STATEMENT | |
| Series statement | HSE Policy Release |
| Volume/sequential designation | 27 October 2010 |
| 520 ## - SUMMARY, ETC. | |
| Summary, etc. | Construction is still one of Britain's most dangerous industries, despite a significant fall in the number of recorded deaths and injuries, new statistics released by the Health and Safety Executive (HSE) show. |
| 590 ## - LOCAL NOTE (RLIN) | |
| Local note | KA NTK |
| 651 #4 - SUBJECT ADDED ENTRY--GEOGRAPHIC NAME | |
| Geographic name | Great Britain |
| Chronological subdivision | 1707- |
| 690 ## - LOCAL SUBJECT ADDED ENTRY--TOPICAL TERM (OCLC, RLIN) | |
| Topical term or geographic name as entry element | Health and safety |
| 9 (RLIN) | 6244 |
| 690 ## - LOCAL SUBJECT ADDED ENTRY--TOPICAL TERM (OCLC, RLIN) | |
| Topical term or geographic name as entry element | BUILT ENVIRONMENT |
| 856 40 - ELECTRONIC LOCATION AND ACCESS | |
| Uniform Resource Identifier | <a href="https://www.hse.gov.uk/press/2010/hse-statistics2010cons.htm">https://www.hse.gov.uk/press/2010/hse-statistics2010cons.htm</a> |
| Public note | View the item free of charge at www.hse.gov.uk |
| 942 ## - ADDED ENTRY ELEMENTS (KOHA) | |
| Suppress in OPAC | 0 |
| Withdrawn status | Lost status | Source of classification or shelving scheme | Damaged status | Not for loan | Home library | Current library | Shelving location | Date acquired | Total Checkouts | Full call number | Barcode | Date last seen | Copy number | Price effective from | Koha item type |
|---|---|---|---|---|---|---|---|---|---|---|---|---|---|---|---|
| Dewey Decimal Classification | Virtual | Virtual | Online | 05/11/2010 | ONLINE PUBLICATION | 151437-2001 | 06/08/2019 | 1 | 06/08/2019 | Journal article |